000
00284nam a22001337a 4500
008
171123b xxu||||| |||| 00| 0 eng d
020
_a
070026548
041
_a
eng
080
_a
51
100
_a
38
101
_a
MAT
245
_a
DIFFERENTIAL EQUATIONS
_c
AYERS,F
942
_2
udc
_c
BK
999
_c
38412
_d
38412